000 00263nam a2200097Ia 4500
082 _aJ 628.925 SPIL
245 0 _aAt a fire station
100 _a SPILSBURY, Louise Chicago, IL, [c.2009]
_991293
942 _cBK
008 210817s9999 xx 000 0 und d
999 _c368103
_d368102